LEADER 01472nam2-2200421---450- 001 990003031940203316 005 20110309134537.0 035 $a000303194 035 $aUSA01000303194 035 $a(ALEPH)000303194USA01 035 $a000303194 100 $a20071211h2006----km-y0itay0103----ba 101 $aita 102 $aIT 105 $a||||||||001yy 200 1 $aAltri rendiconti. Percorsi di elaborazione e di comunicazione del bilancio sociale nella pubblica amministrazione locale$fLaura Gentile, Costantino Coros 210 $aRoma$cRirea$d2006 215 $a64 p.$d24 cm 225 2 $aQuaderni monografici Rirea$v44 300 $aSuppl. di.: Rivista italiana di ragioneria e di economia aziendale, fasc. 5-6/2006 410 0$1001000205078$aQuaderni monografici Rirea$v, 44 606 0 $aAmministrazione pubblica$xGestione 676 $a352.3 700 1$aGENTILE,$bLaura$0599590 701 $aCOROS,$bCostantino$0599591 801 0$aIT$bsalbc$gISBD 912 $a990003031940203316 951 $a352.3 GEN 1 (IRA 20 239)$b14665/44 E.C.$cIRA 20$d00065629 959 $aBK 969 $aECO 979 $aIANNONE$b90$c20071211$lUSA01$h0955 979 $aIANNONE$b90$c20071211$lUSA01$h0957 979 $aIANNONE$b90$c20071211$lUSA01$h1023 979 $aRSIAV2$b90$c20081202$lUSA01$h1040 979 $aPATRY$b90$c20110309$lUSA01$h1318 979 $aPATRY$b90$c20110309$lUSA01$h1345 996 $aAltri rendiconti$91205627 997 $aUNISA LEADER 02033oam 2200517I 450 001 9910707713103321 005 20161121152341.0 035 $a(CKB)5470000002467421 035 $a(OCoLC)885281854 035 $a(EXLCZ)995470000002467421 100 $a20140805d1976 ua 0 101 0 $aeng 135 $aurbn||||||||| 181 $ctxt$2rdacontent 182 $cc$2rdamedia 183 $acr$2rdacarrier 200 10$aMineral resources of the Bradwell Bay Wilderness and the Sopchoppy River Study Area, Wakulla County, Florida /$fby Cornelia C. Cameron and by Peter C. Mory ; with sections on Phosphate, by James B. Cathcart, and Sand, by Philip J. Geraci 210 1$a[Washington, D.C.] :$cUnited States Department of the Interior, Geological Survey,$d1977. 210 2$aWashington :$cUnited States Government Printing Office. 215 $a1 online resource (vi, 37 pages, 1 page of plates) $cillustrations, maps 225 1 $aGeological Survey bulletin ;$v1431 225 1 $aStudies related to wilderness--wilderness areas 300 $a"Evaluation of mineral potential of area." 320 $aIncludes bibliographical references (pages 36-37). 606 $aGeology$zFlorida$zWakulla County 606 $aMines and mineral resources$zFlorida$zWakulla County 606 $aMines and mineral resources$2fast 607 $aFlorida$zWakulla County$2fast 615 0$aGeology 615 0$aMines and mineral resources 615 7$aMines and mineral resources. 700 $aCameron$b Cornelia C.$f1911-1994,$01388948 702 $aCathcart$b James Bachelder$f1917- 702 $aGeraci$b Philip J. 702 $aMory$b Peter C. 712 02$aGeological Survey (U.S.), 801 0$bCOP 801 1$bCOP 801 2$bOCLCO 801 2$bOCLCF 801 2$bOCLCA 801 2$bGPO 906 $aBOOK 912 $a9910707713103321 996 $aMineral resources of the Bradwell Bay Wilderness and the Sopchoppy River Study Area, Wakulla County, Florida$93440000 997 $aUNINA